Essai sur l'histoire de la philosophie en France au XVII siécle / (Record no. 51633)

MARC details
000 -LEADER
campo de control de longitud fija 00573nam a2200181 i 4500
001 - NÚMERO DE CONTROL
campo de control 51633
003 - IDENTIFICADOR DE NÚMERO DE CONTROL
campo de control ES-MaACL
005 - FECHA Y HORA DE LA ÚLTIMA TRANSACCIÓN
campo de control 20251015063059.0
007 - CAMPO FIJO DE DESCRIPCIÓN FÍSICA--INFORMACIÓN GENERAL
campo de control de longitud fija t|
008 - DATOS DE LONGITUD FIJA--INFORMACIÓN GENERAL
campo de control de longitud fija 030814s1846 fr ||||1| fre d
100 1# - ENTRADA PRINCIPAL--NOMBRE DE PERSONA
Nombre de persona Damiron, Jean Philibert,
Fechas asociadas al nombre 1794-1862
9 (RLIN) 42574
245 10 - MENCIÓN DEL TÍTULO
Título Essai sur l'histoire de la philosophie en France au XVII siécle /
Mención de responsabilidad, etc. par Ph. Damiron.
260 ## - PUBLICACIÓN, DISTRIBUCIÓN, ETC.
Lugar de publicación, distribución, etc. Paris :
Nombre del editor, distribuidor, etc. Chez L. Hachette et Cie,
Fecha de publicación, distribución, etc. 1846.
300 ## - DESCRIPCIÓN FÍSICA
Extensión 2 v. ;
Dimensiones 23 cm.
650 #4 - PUNTO DE ACCESO ADICIONAL DE MATERIA--TÉRMINO DE MATERIA
Término de materia o nombre geográfico como elemento de entrada Filosofía-
Subdivisión geográfica Francia-
Subdivisión cronológica S.XVII.
9 (RLIN) 170651
852 ## - LOCALIZACIÓN
Ubicación ES-MaACL
Número de control de estantería G-8166-67
Holdings
Estatus retirado Estado de pérdida Estado de daño No para préstamo Colección Biblioteca de origen Biblioteca actual Ubicación en estantería Fecha de adquisición Fuente de adquisición Total de préstamos Signatura topográfica completa Código de barras Visto por última vez Precio de reemplazo Tipo de ítem Koha
        Libros del s. XIX Biblioteca del Ateneo de Madrid Biblioteca del Ateneo de Madrid Sala Pecera Planta 3 17/01/2008     G-8166-67 1054298 23/02/2023 23/02/2023 Libro impreso antiguo